LEADER 00991nam--2200373---450- 001 990003175670203316 005 20081118143122.0 010 $a2-11-002222-1 035 $a000317567 035 $aUSA01000317567 035 $a(ALEPH)000317567USA01 035 $a000317567 100 $a20081118d1990----km-y0itay50------ba 101 $afre 102 $aFR 105 $a||||||||001yy 200 1 $a<>idolatrie$f[Francois Bergot et al.] 210 $aParis$cLa documentation francaise$d1990 215 $a269 p.$d25 cm 225 2 $aRencontres de l'Ecole du Louvre 410 0$12001$aRencontres de l'Ecole du Louvre 454 1$12001 461 1$1001-------$12001 606 0 $aIdolatria 676 $a291.218 702 1$aBERGOT,$bFrancois 801 0$aIT$bsalbc$gISBD 912 $a990003175670203316 951 $aI AR AAV 1$bDBC$cI AR 959 $aBK 969 $aDBC 979 $aDBC$b90$c20081118$lUSA01$h1431 996 $aIdolatrie$91013891 997 $aUNISA LEADER 01254nam--2200385---450- 001 990003088810203316 005 20080418164746.0 010 $a978-3-540-74328-6 035 $a000308881 035 $aUSA01000308881 035 $a(ALEPH)000308881USA01 035 $a000308881 100 $a20080328d2008----km-y0itay50------ba 101 $aeng 102 $aDE 105 $aa---||||001yy 200 1 $aTutorials in mathematical biosciencs IV$eevolution and ecology$fAvner Friedman (ed.)$gWith contributions by: C. Cosner, D. Janies...[et al.] 210 $aBerlin (etc.)$cSpringer$dcopyr. 2008 215 $aVI, 205 p.$cill.$d24 cm 225 2 $aLecture Notes in Mathematics$iMathematical Biosciences Subseries$v1922 410 0$12001$aLecture Notes in Mathematics$v1922 606 0 $aBiomatematica 676 $a574.91 700 1$aFRIEDMAN,$bAvner$026273 702 1$aCOSNER,$bC. 702 1$aJANIES,$bD. 801 0$aIT$bsalbc$gISBD 912 $a990003088810203316 951 $a510 LNM 1922$b36472/CBS$c510$d00216852 959 $aBK 969 $aSCI 979 $aANGELA$b90$c20080328$lUSA01$h1524 979 $aANGELA$b90$c20080418$lUSA01$h1647 996 $aTutorials in mathematical biosciencs IV$91019414 997 $aUNISA LEADER 01417cam--2200373---450 001 990001567490203316 005 20190503090935.0 035 $a000156749 035 $aUSA01000156749 035 $a(ALEPH)000156749USA01 035 $a000156749 100 $a20040415d1953----km-y0itay5003----ba 101 0 $aeng 102 $aGB 105 $aa|||e|||001yy 200 1 $a<> explaining and pronouncing dictionary of scientific and technical words$e10,000 scientific and technical words in 50 subjects explained as to a person who has little or no knowledge of the particular subject$fby W. E. Flood and Michael West$gwith 1,300 pictures and diagrams by Charles A. Baker 205 $a2. ed 210 $aLondon$cLongmans$d1953 215 $aVIII, 397 p.$d19 cm 606 0 $aDizionari scientifici$xTerminologia [in] Lingua inglese$xDizionari specializzati$2BNCF 676 $a503 700 1$aFLOOD,$bWalter Edgar$0458387 701 1$aWEST,$bMichael$0560548 702 1$aBAKER,$bCharles A. 801 0$aIT$bsalbc$gISBD 912 $a990001567490203316 951 $aII.6. 1755(II i D 105)$b4127 L.M.$cII.6. 959 $aBK 969 $aUMA 979 $aSIAV1$b10$c20040415$lUSA01$h1211 979 $aCOPAT6$b90$c20050603$lUSA01$h1850 979 $aCOPAT6$b90$c20070308$lUSA01$h0830 996 $aExplaining and pronouncing dictionary of scientific and technical words$91536185 997 $aUNISA